004420000a22001210004500090001700000245013200017041001300149700002500162100002800187942001300215773007500228999001700303 aASbSeriadas10aBambusoideae plants from CIPM study area of the duda river, La Macarena, Colombiastheir ecological and floristic significances0 aInglés1 aIzawa, Kosei91002401 aKobayashi, Mikio999317 cARTICULO1 tField Studies of Fauna and Flora La Macarena, Colombiaq31-40d1991g5 c16014d16014